Physics for scientists and engineers with modern physics. -- 7th ed. (Record no. 81905)
[ view plain ]
| 000 -LEADER | |
|---|---|
| fixed length control field | 00867nam a2200205 a 4500 |
| 008 - FIXED-LENGTH DATA ELEMENTS--GENERAL INFORMATION | |
| fixed length control field | 100728s2008 ||||||||||||||||| || u |
| 020 ## - INTERNATIONAL STANDARD BOOK NUMBER | |
| International Standard Book Number | 9780495112402 |
| 050 ## - LIBRARY OF CONGRESS CALL NUMBER | |
| Classification number | QC 21.2 Jew |
| 100 ## - MAIN ENTRY--PERSONAL NAME | |
| Personal name | Jewett, John W |
| 245 10 - TITLE STATEMENT | |
| Title | Physics for scientists and engineers with modern physics. -- 7th ed. |
| Statement of responsibility, etc. | John W. Jewett, Raymond A. Serway |
| 250 ## - EDITION STATEMENT | |
| Edition statement | 7th ed. |
| 260 ## - PUBLICATION, DISTRIBUTION, ETC. | |
| Place of publication, distribution, etc. | Belmont, CA |
| Name of publisher, distributor, etc. | Brooks/Cole |
| Date of publication, distribution, etc. | 2008 |
| 300 ## - PHYSICAL DESCRIPTION | |
| Extent | xxxi, 1392p. [71p.]: ill. |
| 350 ## - | |
| -- | 0.00 |
| 650 ## - SUBJECT ADDED ENTRY--TOPICAL TERM | |
| Topical term or geographic name entry element | PHYSICS--HANDBOOKS, MANUALS, ETC |
| 650 #0 - SUBJECT ADDED ENTRY--TOPICAL TERM | |
| Topical term or geographic name entry element | PHYSICS |
| 700 ## - ADDED ENTRY--PERSONAL NAME | |
| Personal name | Serway, Raymond A |
| 995 ## - | |
| -- | SHORT LOAN BOOKS |
| -- | 0.00 |
| -- | 742770 |
| -- | CBU-MAIN LIBRARY (Kitwe) |
| -- | 1 |
| -- | 0.00 |
| -- | QC 21.2 Jew |
| -- | 2 |
| -- | AVAILABLE |
| -- | Mar 21, 2012 |
| -- | 742770 |
| -- | Short Loan Collection |
| 995 ## - | |
| -- | SHORT LOAN BOOKS |
| -- | 0.00 |
| -- | 741480 |
| -- | CBU-MAIN LIBRARY (Kitwe) |
| -- | 1 |
| -- | 0.00 |
| -- | QC 21.2 Jew |
| -- | 1 |
| -- | AVAILABLE |
| -- | Aug 26, 2010 |
| -- | 741480 |
| -- | Short Loan Collection |
| 999 ## - | |
| -- | 81905 |
| -- | 81905 |
| Withdrawn status | Lost status | Source of classification or shelving scheme | Damaged status | Not for loan | Permanent Location | Current Location | Shelving location | Date acquired | Total Checkouts | Full call number | Barcode | Date last seen | Copy number | Price effective from | Koha item type |
|---|---|---|---|---|---|---|---|---|---|---|---|---|---|---|---|
| CBU-MAIN LIBRARY, KITWE. | CBU-MAIN LIBRARY, KITWE. | 09/12/2023 | QC 21.2 Jew | 742770 | 03/22/2024 | 1 | 09/12/2023 | SHORT LOAN COLLECTION | |||||||
| CBU-MAIN LIBRARY, KITWE. | CBU-MAIN LIBRARY, KITWE. | 09/12/2023 | QC 21.2 Jew | 741480 | 09/12/2023 | 2 | 09/12/2023 | SHORT LOAN COLLECTION |